আধুনিক বাঙলা-সাহিত্যে মুসলিম সাধনা / (Record no. 53870)
[ view plain ]
| 000 -LEADER | |
|---|---|
| fixed length control field | 01022nam a2200241 a 4500 |
| 001 - CONTROL NUMBER | |
| control field | 53870 |
| 003 - CONTROL NUMBER IDENTIFIER | |
| rucl marc code | BD-RjUL |
| 005 - DATE AND TIME OF LATEST TRANSACTION | |
| control field | 20211209080032.0 |
| 008 - FIXED-LENGTH DATA ELEMENTS--GENERAL INFORMATION | |
| fixed length control field | 161027s1969 bg ||||| |||| 00| 0 ben d |
| 020 ## - INTERNATIONAL STANDARD BOOK NUMBER | |
| Terms of availability | : TK 16.00 |
| 035 ## - SYSTEM CONTROL NUMBER | |
| System control number | (BD-RjUL)53992 |
| 040 ## - CATALOGING SOURCE | |
| Original cataloging agency | BD-RjUL |
| Language of cataloging | ben |
| Transcribing agency | BD-RjUL |
| 041 ## - LANGUAGE CODE | |
| Language code of text/sound track or separate title | ben |
| 082 ## - DEWEY DECIMAL CLASSIFICATION NUMBER | |
| Edition number | 23 |
| Classification number | 891.4409 |
| Author mark and year | MAA 1969 |
| 100 ## - MAIN ENTRY--PERSONAL NAME | |
| Personal name | মান্নান, কাজী আবদুল |
| 9 (RLIN) | 135192 |
| 245 10 - TITLE STATEMENT | |
| Title | আধুনিক বাঙলা-সাহিত্যে মুসলিম সাধনা / |
| Statement of responsibility, etc. | কাজী আবদুল মান্নান |
| 250 ## - EDITION STATEMENT | |
| Edition statement | পরিবর্ধিত ২য় সং. |
| 260 ## - PUBLICATION, DISTRIBUTION, ETC. (IMPRINT) | |
| Place of publication, distribution, etc. | রাজশাহী : |
| Name of publisher, distributor, etc. | কাজী আবদুল মান্নান, |
| Date of publication, distribution, etc. | ১৯৬৯ |
| 300 ## - PHYSICAL DESCRIPTION | |
| Pagination | [২৪], ৫৫০ পৃ. ; |
| Size | ২১ সেমি. |
| 650 ## - SUBJECT ADDED ENTRY--TOPICAL TERM | |
| Topical term or geographic name as entry element | বাংলা সাহিত্য |
| General subdivision | ইতিহাস ও সমালোচনা |
| 9 (RLIN) | 160864 |
| Topical term or geographic name as entry element | Bengali Literature |
| General subdivision | History & Criticism |
| 9 (RLIN) | 160865 |
| 942 ## - ADDED ENTRY ELEMENTS (KOHA) | |
| Source of classification or shelving scheme | Dewey Decimal Classification |
| Koha item type | Books |
| Lost status | Source of classification or shelving scheme | Damaged status | Not for loan | Collection code | Permanent Location | Current Location | Shelving location | Date acquired | Source of acquisition | Cost, normal purchase price | Total Checkouts | Full call number | Date last seen | Date checked out | Copy number | Koha item type |
|---|---|---|---|---|---|---|---|---|---|---|---|---|---|---|---|---|
| Dewey Decimal Classification | Non-fiction | Central Library, University of Rajshahi | Central Library, University of Rajshahi | 23/06/1970 | N/A | 16.00 | 1 | B 891.4409 MAA 1969 | 30/09/2020 | 27/09/2020 | C-2 | Books | ||||
| Dewey Decimal Classification | Non-fiction | Central Library, University of Rajshahi | Central Library, University of Rajshahi | 22/05/1973 | Islamia, Rajshahi. | 16.00 | B 891.4409 MAA 1969 | 07/11/2016 | C-3 | Books | ||||||
| Dewey Decimal Classification | Non-fiction | Central Library, University of Rajshahi | Central Library, University of Rajshahi | 23/06/1970 | Pakistani law house | 16.00 | B 891.4409 MAA 1969 | 14/11/2016 | C-4 | Books | ||||||
| Dewey Decimal Classification | Non-fiction | Central Library, University of Rajshahi | Central Library, University of Rajshahi | 23/06/1970 | Pakistani law house | 16.00 | B 891.4409 MAA 1969 | 14/11/2016 | C-5 | Books | ||||||
| Dewey Decimal Classification | Non-fiction | Central Library, University of Rajshahi | Central Library, University of Rajshahi | 23/06/1970 | Pakistani law house | 16.00 | B 891.4409 MAA 1969 | 14/11/2016 | C-6 | Books | ||||||
| Dewey Decimal Classification | Non-fiction | Central Library, University of Rajshahi | Central Library, University of Rajshahi | 31/03/2009 | Aligarh library, Rajshahi | 16.00 | B 891.4409 MAA 1969 | 15/11/2016 | C-7 | Books | ||||||
| Dewey Decimal Classification | Non-fiction | Central Library, University of Rajshahi | Central Library, University of Rajshahi | 14/05/1970 | Nowrose kitabitan, Dhaka. | 16.00 | B 891.4409 MAA 1969 | 17/11/2016 | C-8 | Books | ||||||
| Dewey Decimal Classification | Not For Loan | Fiction | Central Library, University of Rajshahi | Central Library, University of Rajshahi | Reading Room | 04/08/1973 | Dhaka, Nawrose Kitabistan | 16.00 | B 891.4409 MAA 1969 | 07/03/2021 | C-1 | Books | ||||
| Dewey Decimal Classification | Fiction | Central Library, University of Rajshahi | Central Library, University of Rajshahi | 22/05/1973 | Rajshahi, Islamia | 16.00 | B 891.4409 MAA 1969 | 07/03/2021 | C-9 | Books | ||||||
| Dewey Decimal Classification | Fiction | Central Library, University of Rajshahi | Central Library, University of Rajshahi | 04/08/1973 | Dhaka, Nawrose Kitabistan | 16.00 | B 891.4409 MAA 1969 | 07/03/2021 | C-10 | Books |